Gemeinden im Kreis Nordfriesland - Statistiken

Allgemein
  • Dieses Quiz wurde 6 mal gespielt
  • Das Durchschnittsergebnis liegt bei 63 aus 133
Antwortstatistiken
Hint Antwort % Korrekt
Amtsfreie Gemeinde Husum
100%
Amt Mittleres Nordfriesland Bargum
80%
Amt Mittleres Nordfriesland Bredstedt
80%
Amtsfreie Gemeinde Friedrichstadt
80%
Amt Nordsee-Treene Hattstedt
80%
Amt Landschaft Sylt List auf Sylt
80%
Amt Südtondern Niebüll
80%
Amt Nordsee-Treene Nordstrand
80%
Amt Eiderstedt Oldenswort
80%
Amt Pellworm Pellworm
80%
Amtsfreie Gemeinde Reußenköge
80%
Amt Südtondern Risum-Lindholm
80%
Amtsfreie Gemeinde Tönning
80%
Amt Nordsee-Treene Uelvesbüll
80%
Amt Viöl Viöl
80%
Amt Nordsee-Treene Witzwort
80%
Amt Föhr-Amrum Wyk auf Föhr
80%
Amt Südtondern Achtrup
60%
Amt Mittleres Nordfriesland Ahrenshöft
60%
Amt Viöl Ahrenviöl
60%
Amt Mittleres Nordfriesland Almdorf
60%
Amt Nordsee-Treene Arlewatt
60%
Amt Viöl Behrendorf
60%
Amt Mittleres Nordfriesland Bohmstedt
60%
Amt Mittleres Nordfriesland Bordelum
60%
Amt Mittleres Nordfriesland Breklum
60%
Amt Südtondern Dagebüll
60%
Amt Mittleres Nordfriesland Drelsdorf
60%
Amt Südtondern Enge-Sande
60%
Amt Eiderstedt Garding
60%
Amt Mittleres Nordfriesland Goldebek
60%
Amt Mittleres Nordfriesland Goldelund
60%
Amt Viöl Haselund
60%
Amt Landschaft Sylt Hörnum (Sylt)
60%
Amt Nordsee-Treene Horstedt
60%
Amt Mittleres Nordfriesland Joldelund
60%
Amt Eiderstedt Kirchspiel Garding
60%
Amt Südtondern Klanxbüll
60%
Amt Mittleres Nordfriesland Kolkerheide
60%
Amt Eiderstedt Kotzenbüll
60%
Amt Südtondern Ladelund
60%
Amt Mittleres Nordfriesland Langenhorn
60%
Amt Südtondern Leck
60%
Amt Viöl Löwenstedt
60%
Amt Mittleres Nordfriesland Lütjenholm
60%
Amt Nordsee-Treene Mildstedt
60%
Amt Föhr-Amrum Nebel
60%
Amt Viöl Norstedt
60%
Amt Mittleres Nordfriesland Ockholm
60%
Amt Eiderstedt Osterhever
60%
Amt Viöl Oster-Ohrstedt
60%
Amt Nordsee-Treene Rantrum
60%
Amt Eiderstedt Sankt Peter-Ording
60%
Amt Nordsee-Treene Schwabstedt
60%
Amt Viöl Schwesing
60%
Amt Nordsee-Treene Seeth
60%
Amt Nordsee-Treene Simonsberg
60%
Amt Viöl Sollwitt
60%
Amt Mittleres Nordfriesland Struckum
60%
Amt Eiderstedt Tating
60%
Amt Eiderstedt Tetenbüll
60%
Amt Mittleres Nordfriesland Vollstedt
60%
Amt Eiderstedt Westerhever
60%
Amt Viöl Wester-Ohrstedt
60%
Amt Nordsee-Treene Wittbek
60%
Amt Nordsee-Treene Wobbenbüll
60%
Amt Viöl Ahrenviölfeld
40%
Amt Föhr-Amrum Alkersum
40%
Amt Viöl Bondelum
40%
Amt Föhr-Amrum Borgsum
40%
Amt Südtondern Bosbüll
40%
Amt Südtondern Braderup
40%
Amt Nordsee-Treene Drage
40%
Amt Südtondern Emmelsbüll-Horsbüll
40%
Amt Eiderstedt Grothusenkoog
40%
Amt Pellworm Hallig Hooge
40%
Amt Mittleres Nordfriesland Högel
40%
Amt Viöl Immenstedt
40%
Amt Landschaft Sylt Kampen (Sylt)
40%
Amt Südtondern Karlum
40%
Amt Südtondern Klixbüll
40%
Amt Pellworm Langeneß
40%
Amt Föhr-Amrum Nieblum
40%
Amt Föhr-Amrum Norddorf auf Amrum
40%
Amt Eiderstedt Norderfriedrichskoog
40%
Amt Nordsee-Treene Olderup
40%
Amt Föhr-Amrum Oldsum
40%
Amt Nordsee-Treene Ostenfeld (Husum)
40%
Amt Nordsee-Treene Ramstedt
40%
Amt Mittleres Nordfriesland Sönnebüll
40%
Amt Südtondern Sprakebüll
40%
Amt Südtondern Stadum
40%
Amt Südtondern Süderlügum
40%
Amt Nordsee-Treene Südermarsch
40%
Amt Eiderstedt Tümlauer Koog
40%
Amt Südtondern Uphusum
40%
Amt Föhr-Amrum Utersum
40%
Amt Eiderstedt Vollerwiek
40%
Amt Eiderstedt Welt
40%
Amt Südtondern Westre
40%
Amt Föhr-Amrum Wittdün auf Amrum
40%
Amt Südtondern Aventoft
20%
Amt Südtondern Bramstedtlund
20%
Amt Föhr-Amrum Dunsum
20%
Amt Nordsee-Treene Elisabeth-Sophien-Koog
20%
Amt Südtondern Ellhöft
20%
Amt Nordsee-Treene Fresendelf
20%
Amt Südtondern Galmsbüll
20%
Amt Pellworm Gröde
20%
Amt Nordsee-Treene Hattstedtermarsch
20%
Amt Südtondern Holm
20%
Amt Nordsee-Treene Hude
20%
Amt Südtondern Humptrup
20%
Amt Eiderstedt Katharinenheerd
20%
Amt Nordsee-Treene Koldenbüttel
20%
Amt Südtondern Lexgaard
20%
Amt Föhr-Amrum Midlum
20%
Amt Südtondern Neukirchen
20%
Amt Föhr-Amrum Oevenum
20%
Amt Nordsee-Treene Oldersbek
20%
Amt Eiderstedt Poppenbüll
20%
Amt Südtondern Rodenäs
20%
Amt Südtondern Stedesand
20%
Amt Föhr-Amrum Süderende
20%
Amt Nordsee-Treene Süderhöft
20%
Amtsfreie Gemeinde Sylt
20%
Amt Südtondern Tinningstedt
20%
Amt Landschaft Sylt Wenningstedt-Braderup (Sylt)
20%
Amt Nordsee-Treene Winnert
20%
Amt Nordsee-Treene Wisch
20%
Amt Föhr-Amrum Witsum
20%
Amt Föhr-Amrum Wrixum
20%
Amt Südtondern Friedrich-Wilhelm-Lübke-Koog
0%
Keine übereinstimmenden Quizze gefunden
Verteilung der Resultate
Anzahl Personen mit jedem Resultat
Perzentil nach korrekt beantworteten Fragen
Ihre Resultats-Entwicklung
Sie haben dieses Quiz noch nicht gespielt